Normal view
MARC view
- Ambrus, Victor G.,
Entry Personal Name
001 - CONTROL NUMBER
- control field: 11864
003 - CONTROL NUMBER IDENTIFIER
- control field: NUST
005 - DATE AND TIME OF LATEST TRANSACTION
- control field: 20180719092227.0
008 - FIXED-LENGTH DATA ELEMENTS
- fixed length control field: 180719|| aca||aabn | a|a d
040 ## - CATALOGING SOURCE
- Original cataloging agency: NUST
- Transcribing agency: NUST
100 ## - HEADING--PERSONAL NAME
- Personal name: Ambrus, Victor G.,
- Relator term: ill.
670 ## - SOURCE DATA FOUND
- Source citation: Work cat.: (NUST)173359: McCaughrean, Geraldine. 11858, The Canterbury tales /, 1984
